| 000 | 00385nam a2200169Ia 4500 | ||
|---|---|---|---|
| 100 | _aJayaraman/S/ Esakkirajan/S | ||
| 650 | _aimage processing | ||
| 942 | _cBK | ||
| 366 | _f25 | ||
| 654 | _aimage processing | ||
| 245 | _aDigital Image Processing | ||
| 260 |
_bTata Mc Graw hill Ltd. _c2009 |
||
| 082 |
_a621.367 _bJAY |
||
| 300 | _a723 | ||
| 546 |
_aENGLISH _cTTL |
||
| 999 |
_c31385 _d31385 |
||